000 00732cam a2200253 4500500
005 20260405002844.0
041 _afre
042 _adc
100 1 0 _aTenaillon, Nicolas
_eauthor
245 0 0 _aŒuvres philosophiques complètes
260 _c2018.
500 _a35
690 _achristianisme
690 _aCité de Dieu
690 _aConfessions
690 _aMémoire
690 _aŒuvres complètes
690 _aPatristique
690 _aPère de l’Église
690 _aThéologie
690 _aTraités
786 0 _nPhilosophie magazine | 125 | 12 | 2018-12-01 | p. 55-55 | 1951-1787
856 4 1 _uhttps://shs.cairn.info/magazine-philosophie-magazine-2018-12-page-55?lang=fr&redirect-ssocas=7080
999 _c2061770
_d2061770